Creating Canada's future.

Vedúci pracovník kanadskej firmy Xerox a nominovaný predseda Kanadského mesiaca akosti rozoberá úlohu akosti v ďalšom raste priemyslu a hospodárstva Kanady. Kanadský veľtrh akosti. Centrálna úloha spokojnosti zákazníka. Kvalitou k novým pracovným miestam. Zlá kvalita znižuje počet pracovných miest.

Salvato in:
Dettagli Bibliografici
Autore principale: Mac Camus, D.R
Natura: Capitolo di libro
Lingua:inglese
Soggetti:
Tags: Aggiungi Tag
Nessun Tag, puoi essere il primo ad aggiungerne!!

MARC

LEADER 00000naa a2200000 4500
001 r011242
005 20220913122528.5
041 0 |a eng 
044 |a US 
245 1 0 |a Creating Canada's future.  |c D.R. Mac Camus 
520 |a Vedúci pracovník kanadskej firmy Xerox a nominovaný predseda Kanadského mesiaca akosti rozoberá úlohu akosti v ďalšom raste priemyslu a hospodárstva Kanady. Kanadský veľtrh akosti. Centrálna úloha spokojnosti zákazníka. Kvalitou k novým pracovným miestam. Zlá kvalita znižuje počet pracovných miest. 
610 2 0 |a kvalita 
610 2 0 |a Kanada 
610 2 0 |a kvalita výrobkov 
610 2 0 |a riadenie kvality 
610 2 0 |a miesta pracovné 
610 2 0 |a rast hospodársky 
610 2 0 |a zákazníci 
610 2 0 |a Xerox Canada inc. 
100 1 |a Mac Camus, D.R.